Statistics for Most Popular Dog Breeds Quiz

Click here to take the quiz!

General Stats

  • This quiz has been taken 56,896 times
    (15,034 since last reset)
  • The average score is 20 of 60

Answer Stats

# Dog Breed % Correct
1Labrador Retriever
92%
2German Shepherd
84%
7Poodle
82%
3Golden Retriever
80%
5Bulldog
76%
13Dachshund
71%
32Chihuahua
70%
12Siberian Husky
63%
31Pug
62%
6Beagle
61%
14Great Dane
55%
8Rottweiler
53%
29Cocker Spaniel
49%
52English Cocker Spaniel
49%
40Collie
47%
20Shih Tzu
47%
16Doberman Pinscher
47%
9Yorkshire Terrier
46%
15Pembroke Welsh Corgi
46%
11Boxer
44%
49Saint Bernard
43%
4French Bulldog
40%
38Border Collie
38%
22Pomeranian
37%
50Bloodhound
35%
39Basset Hound
35%
28Mastiff
29%
33Maltese
28%
17Australian Shepherd
27%
46Bichon Frise
26%
19Cavalier King Charles Spaniel
26%
18Miniature Schnauzer
25%
58Scottish Terrier
24%
59Alaskan Malamute
24%
21Boston Terrier
24%
47Akita
22%
45Shiba Inu
22%
60Bull Terrier
22%
27English Springer Spaniel
22%
36Newfoundland
22%
42West Highland White Terrier
19%
56Australian Cattle Dog
17%
25Bernese Mountain Dog
16%
34Weimaraner
14%
24Shetland Sheepdog
14%
54Portuguese Water Dog
14%
41Rhodesian Ridgeback
13%
57Samoyed
12%
51Bullmastiff
11%
10German Shorthaired Pointer
10%
55Airedale Terrier
10%
44Belgian Malinois
10%
30Vizsla
9%
53Papillon
8%
26Brittany
8%
23Havanese
7%
37Cane Corso
6%
43Chesapeake Bay Retriever
5%
49Soft Coated Wheaten Terrier
4%
35Miniature American Shepherd
2%

Score Distribution

Percentile by Number Answered

Percent of People with Each Score

Your Score History

You have not taken this quiz since the last reset